Strojírenská výroba pro 4. ročník gymnázií : experimentální text volitelné skupiny odborných předmětů Základy strojírenství /

Hlavní autor: Vojtěch, Jiří, 1939-
Další autoři: Staňo, Jozef
Jazyk: Čeština
Vydáno: Praha : SNTL, 1982
Vydání: 2. vyd. (1. čes.).
Témata:
Fyzický popis: 144 s.
Knihy
Uloženo v:
LEADER 01014nam a22002532a 4500
001 000405104
003 CZ BrMZK
005 20090309124740.0
007 ta
008 990307s1982 xr f cze d
015 |a cnb000402340 
035 |a (OCoLC)42175417 
040 |a BOA001  |b cze 
100 1 |a Vojtěch, Jiří,  |d 1939-  |7 jn20001227355  |4 aut 
245 1 0 |a Strojírenská výroba pro 4. ročník gymnázií :  |b experimentální text volitelné skupiny odborných předmětů Základy strojírenství /  |c Jiří Vojtěch, Jozef Staňo 
250 |a 2. vyd. (1. čes.). 
260 |a Praha :  |b SNTL,  |c 1982 
300 |a 144 s. 
700 1 |a Staňo, Jozef  |7 mzk2010473886  |4 aut 
910 |a BOA001  |b PK-N-0021.774  |b 4-0851.498 
964 |a Základy strojírenství - učebnice pokusné - gymnázia 
990 |a BK 
996 7 |b 3119821632  |c PK-N-0021.774  |l MZK  |r Sklad / do 1 hodiny  |n 0  |w 000405104  |u 000010  |a 1  |e BOA001  |j MZK50  |s A 
996 6 |b BC-682205  |c 4-0851.498  |l MZK  |r Sklad / do 1 hodiny  |n 0  |w 000405104  |u 000020  |a 1  |e BOA001  |j MZK50  |s P